000 01610nam a22004217a 4500
003 CHAP
005 20220329141505.0
008 971013s1979 r 00010 d
010 _a68969
011 _a69941
035 _a79419
040 _cCHAP
082 _a338.9724
_bC66
110 _aComité Promotor de Desarrollo Socioeconómico del Estado de Tlaxcala
_925913
245 _aPlan estatal de desarrollo socioeconómico
260 _aTlaxcala :
_bEl Comité,
_c1979
300 _a4 v.
_b; mapas
490 _aFotocopias
500 _a32-118
505 _aContenido : v.1 Objetivos -- v.2 Diagnóstico subregión I-- v.3 Diagnóstico subregión II--v.4 Diagnóstico subregión III
590 _aBATCH-UPD
_b10
_c20130110
_lUCH01
_h0010
590 _aBATCH-UPD
_b10
_c20130110
_lUCH01
_h0429
590 _aBATCH-UPD
_b10
_c20130110
_lUCH01
_h2140
590 _aBATCH-UPD
_b10
_c20130409
_lUCH01
_h1947
590 _aBATCH-UPD
_b10
_c20130410
_lUCH01
_h1448
590 _aBATCH-UPD
_b10
_c20130914
_lUCH01
_h1432
590 _aCONVERSION
_b10
_c20130109
_lUCH01
_h1338
650 1 4 _aPlaneación regional
_xTlaxcala.
_988723
650 1 4 _aPolítica agrícola
_xTlaxcala.
_990367
650 1 4 _aTlaxcala
_xPolítica y gobierno.
_9113480
830 0 _aFotocopias
_942708
901 _aBK
942 _cLIBRO
949 _a338.9724 C66
_bBC
_cC
_d33724000122362
_eC
_fv.1
_h76144
_i79419
_si
949 _a338.9724 C66
_bBC
_cC
_d33724000158473
_eC
_fv.2
_h76141
_i79419
_si
949 _a338.9724 C66
_bBC
_cC
_d33724000158507
_eC
_fv.3
_h76142
_i79419
_si
949 _a338.9724 C66
_bBC
_cC
_d33724000158572
_eC
_fv.4
_h76143
_i79419
_si
999 _c68969
_d68969